000 00830nam0a22002651 4500
001 rc\3778720
005 20250530050202.0
021 _aRU
_b[75-73516]
035 _a(NLR Aleph) 007235179
090 _a7739674
_c7739674
100 _a20120207d1975 |||y0rusy50 ca
101 0 _arus
102 _aRU
105 _ay z |||||
200 1 _aЗакономерности движения оборотных средств и кредит
_fЮ.А. Жангериев
210 _aМосква
_cФинансы
_d1975
215 _a96 с.
_d20
606 _aОборотные средства
_2psbo
606 _aКредит СССР
_2psbo
700 1 _aЖангериев
_bЮ.А.
_gЮрий Абубович
801 0 _aRU
_bNLR
_gpsbo
801 1 _aRU
_bELAR
_2rusmarc
852 _aNLR
_j75-4/20188
942 _cBOOK
980 _aNB